01009nas a2200241Ia 4500001001100000003000900011008004100020040001300061040001300074041001300087100003800100210002100138222002100159245009900180250001100279260003600290501008600326300001000412310001200422362003500434500026200469650003600731R022/42831IT-RoPAU151124c99999999xx |||||||||||| ||und|| aIT-RoPAU cIT-RoPAU aITALIANO aAA.VV. gCodice Aut. SPICS: 12000 aINFORMAZIONI MCS aInformazioni Mcs aINFORMAZIONI MCS, ANNO 02-N.02 (FEBBRAIO 1959)bInformazioni Mcs, Anno 02-N.02 (Febbraio 1959) a1a ed. aVICENZAbINFORMAZIONI MCSc1959 bPaulus - SPICS - Società San Paolo EM (non-commercial uses only)cCopyright2015 a16 p. aMENSILE aANNO 002, N.02 (FEBBRAIO 1959) aBollettino della Commissione Regionale Dello Spettacolo per le Diocesi Venete. 25 Anni di Attività dell'Azione Cattolica nel Campo Dello Spettacolo Ricreativo e Culturale: Intervista al Direttore Generale della Siae Antoniociampi. Elenco Film per Dibattit aCINEMAvPUBBLICAZIONE PERIODICA